[Event "Gotha op 7th"]
[Site "Gotha"]
[Date "2005.11.17"]
[Round "6"]
[White "Hannebauer, Torsten"]
[Black "Wilke, Martin"]
[Result "1-0"]
[WhiteElo "2154"]
[BlackElo "2190"]
[PlyCount "25"]
[EventDate "2005.11.14"]
[EventType "swiss"]
[EventRounds "9"]
[EventCountry "GER"]
[SourceTitle "CBM 109 Extra"]
[Source "ChessBase"]
[SourceDate "2006.01.03"]
[SourceVersion "2"]
[SourceVersionDate "2006.01.03"]
[SourceQuality "1"]

1. e4 c5 2. Nf3 d6 3. Bb5+ Bd7 4. c4 Nf6 5. Nc3 e5 6. 0-0 Nc6 7. Bxc6 Bxc6 8. d3 Be7 9. Ne1 g5 10. Bxg5 Nxe4 11. Bxe7 Nxc3 12. Bxd8 Nxd1 13. Bf6 1-0

[Event "Gotha op 7th"]
[Site "Gotha"]
[Date "2005.11.14"]
[Round "2"]
[White "Wilke, Martin"]
[Black "Sobolevsky, Leonid"]
[Result "0-1"]
[WhiteElo "2190"]
[BlackElo "2358"]
[PlyCount "84"]
[EventDate "2005.11.14"]
[EventType "swiss"]
[EventRounds "9"]
[EventCountry "GER"]
[SourceTitle "CBM 109 Extra"]
[Source "ChessBase"]
[SourceDate "2006.01.03"]
[SourceVersion "2"]
[SourceVersionDate "2006.01.03"]
[SourceQuality "1"]

1. d4 d5 2. c4 c6 3. Nf3 Nf6 4. Qb3 dxc4 5. Qxc4 b5 6. Qc2 Bb7 7. g3 Nbd7 8. Bg2 e6 9. 0-0 c5 10. e3 Rc8 11. Qe2 c4 12. Nbd2 Be7 13. e4 0-0 14. e5 Nd5 15. Ne4 h6 16. Bd2 Qb6 17. a3 a5 18. Rfc1 Ba6 19. Bf1 Ra8 20. Qe1 Bb7 21. a4 Nb4 22. axb5 Nd3 23. Bxd3 cxd3 24. Bxa5 Qxb5 25. Bc3 Qd5 26. Nfd2 f5 27. exf6 Bxf6 28. Rxa8 Bxa8 29. Qe3 Bg5 30. f4 Bd8 31. Re1 g5 32. Qxd3 gxf4 33. Qc4 fxg3 34. hxg3 Qf5 35. Rf1 Qh3 36. Rxf8+ Nxf8 37. d5 Bb6+ 38. Bd4 exd5 39. Nf6+ Kf7 40. Qc3 Bxd4+ 41. Qxd4 Qxg3+ 42. Kf1 Ne6 0-1

[Event "Landesliga Sued 9899"]
[Site "Bayern"]
[Date "1999.03.14"]
[Round "6.4"]
[White "Wilke, Martin"]
[Black "Hofmann, Juergen2222"]
[Result "1/2-1/2"]
[WhiteElo "2145"]
[BlackElo "1985"]
[PlyCount "41"]
[EventDate "1998.11.10"]
[EventType "team-tourn"]
[EventRounds "9"]
[EventCountry "GER"]
[SourceTitle "EXT 2020"]
[Source "ChessBase"]
[SourceDate "2019.10.17"]
[SourceVersion "1"]
[SourceVersionDate "2019.10.17"]
[SourceQuality "1"]
[WhiteTeam "Krumbach"]
[BlackTeam "Graefelfing SK"]
[WhiteTeamCountry "GER"]
[BlackTeamCountry "GER"]

1. e4 c5 2. Nf3 d6 3. d4 cxd4 4. Nxd4 Nf6 5. Nc3 g6 6. Be3 Bg7 7. Be2 0-0 8. 0-0 Nc6 9. Nb3 Be6 10. f4 Qc8 11. h3 Rd8 12. Qe1 Nb4 13. Rc1 Bc4 14. Bxc4 Qxc4 15. Nd2 Qa6 16. Nf3 Qc4 17. a3 Nc6 18. Nd2 Qa6 19. Nf3 Qc4 20. Nd2 Qa6 21. Nf3 1/2-1/2

[Event "Landesliga Sued 9697"]
[Site "Bayern"]
[Date "1997.05.04"]
[Round "9"]
[White "Wilke, Martin"]
[Black "Tuchenhagen, Axel"]
[Result "1-0"]
[WhiteElo "2110"]
[BlackElo "2125"]
[PlyCount "131"]
[EventDate "1996.10.13"]
[EventType "team-tourn"]
[EventRounds "9"]
[EventCountry "GER"]
[SourceTitle "EXT 2020"]
[Source "ChessBase"]
[SourceDate "2019.10.17"]
[SourceVersion "1"]
[SourceVersionDate "2019.10.17"]
[SourceQuality "1"]
[WhiteTeam "Krumbach"]
[BlackTeam "Starnberg SC"]
[WhiteTeamCountry "GER"]
[BlackTeamCountry "GER"]

1. e4 e5 2. Nf3 Nc6 3. Bc4 Bc5 4. c3 Bb6 5. d4 Qe7 6. 0-0 d6 7. dxe5 dxe5 8. Qe2 Nf6 9. b3 0-0 10. Ba3 Bc5 11. Bxc5 Qxc5 12. b4 Qe7 13. Nbd2 Nd8 14. Nh4 g6 15. g3 Bh3 16. Ng2 Nh5 17. Qe3 Kg7 18. f4 exf4 19. gxf4 Bxg2 20. Kxg2 f5 21. e5 Ne6 22. Bxe6 Qxe6 23. Nb3 Qc6+ 24. Kf2 Qc4 25. Nd4 Rae8 26. Rfd1 Kg8 27. Ne2 Nf6 28. Qd3 Ne4+ 29. Kf3 Qf7 30. Qd5 c6 31. Qxf7+ Rxf7 32. h4 Rfe7 33. Rd3 Kf7 34. Rad1 h6 35. Nd4 Rc7 36. h5 c5 37. hxg6+ Kxg6 38. Rg1+ Ng5+ 39. fxg5 cxd4 40. gxh6+ Kxh6 41. cxd4 Rc2 42. a3 Rh2 43. Kf4 Rf8 44. Rdg3 Rh4+ 45. Kf3 Rc8 46. Ke2 Rd8 47. Rg6+ Kh7 48. Rd6 Re4+ 49. Kd3 Rxd6 50. exd6 Re6 51. d7 Rd6 52. Rg5 Rxd7 53. Rxf5 Kg6 54. Rf3 Kg7 55. Ke4 Re7+ 56. Kd5 Rd7+ 57. Ke5 Re7+ 58. Kd6 Re4 59. d5 Rd4 60. Ke6 Re4+ 61. Kd7 Rd4 62. d6 b6 63. Ke7 Re4+ 64. Kd8 Rd4 65. d7 Rd1 66. Rc3 1-0

[Event "Landesliga Sued 9697"]
[Site "Bayern"]
[Date "1997.02.16"]
[Round "6"]
[White "Wilke, Martin"]
[Black "Schmaus, Horst"]
[Result "1/2-1/2"]
[WhiteElo "2110"]
[BlackElo "1904"]
[PlyCount "94"]
[EventDate "1996.10.13"]
[EventType "team-tourn"]
[EventRounds "9"]
[EventCountry "GER"]
[SourceTitle "EXT 2020"]
[Source "ChessBase"]
[SourceDate "2019.10.17"]
[SourceVersion "1"]
[SourceVersionDate "2019.10.17"]
[SourceQuality "1"]
[WhiteTeam "Krumbach"]
[BlackTeam "Landshut"]
[WhiteTeamCountry "GER"]
[BlackTeamCountry "GER"]

1. e4 c5 2. Nf3 e6 3. d4 cxd4 4. Nxd4 Nf6 5. Bd3 Nc6 6. Be3 d5 7. Nxc6 bxc6 8. exd5 cxd5 9. f4 Bd6 10. 0-0 0-0 11. Nd2 Qc7 12. Rb1 Bb7 13. Bd4 Bc5 14. Nf3 Ne4 15. Bxc5 Qxc5+ 16. Kh1 Nf2+ 17. Rxf2 Qxf2 18. Bxh7+ Kxh7 19. Ng5+ Kg6 20. Qd3+ f5 21. Rf1 Qh4 22. Nxe6 Rh8 23. h3 Qf6 24. Ng5 Ba6 25. Qg3 Bxf1 26. Ne4+ Kf7 27. Nxf6 gxf6 28. Qf3 Ba6 29. Qxd5+ Kg6 30. Kh2 Rab8 31. g4 fxg4 32. Qe4+ Kh6 33. hxg4 Bb7 34. Qe7 Kg6+ 35. Kg3 Rhf8 36. Qc7 Ba8 37. f5+ Kh6 38. Qf4+ Kg7 39. Qc7+ Kh6 40. Qf4+ Kh7 41. g5 fxg5 42. Qc7+ Kg8 43. f6 Rb7 44. Qe5 Kh7 45. Kg4 Rb4+ 46. Kg3 Rb7 47. Kg4 Rb4+ 1/2-1/2

[Event "Landesliga Sued 9596"]
[Site "Bayern"]
[Date "1996.12.03"]
[Round "3"]
[White "Wilke, Martin"]
[Black "Lochte, Thomas"]
[Result "1/2-1/2"]
[WhiteElo "2105"]
[BlackElo "2225"]
[PlyCount "83"]
[EventDate "1995.10.15"]
[EventType "team-tourn"]
[EventRounds "9"]
[EventCountry "GER"]
[SourceTitle "EXT 2020"]
[Source "ChessBase"]
[SourceDate "2019.10.17"]
[SourceVersion "1"]
[SourceVersionDate "2019.10.17"]
[SourceQuality "1"]
[WhiteTeam "Krumbach"]
[BlackTeam "Starnberg SC"]
[WhiteTeamCountry "GER"]
[BlackTeamCountry "GER"]

1. e4 e5 2. Nf3 Nc6 3. Bc4 Nf6 4. d4 exd4 5. 0-0 Nxe4 6. Re1 d5 7. Nc3 Be6 8. Nxe4 dxc4 9. Neg5 Be7 10. Rxe6 fxe6 11. Nxe6 Qd6 12. Nxg7+ Kd7 13. Nf5 Qd5 14. N3xd4 Rhg8 15. Qf3 Qxf3 16. Nxf3 Raf8 17. Nxe7 Kxe7 18. Kf1 Rf5 19. Be3 Kf6 20. h3 Rd8 21. Ke2 Nb4 22. g4 Rfd5 23. Ne1 Re5 24. Kf1 Re4 25. c3 Nd3 26. Nf3 Rd5 27. Nd2 Re6 28. Bd4+ Kf7 29. Nxc4 c5 30. Be3 b5 31. Nd2 Nxb2 32. Nf3 Red6 33. Ng5+ Kg6 34. h4 Rd1+ 35. Rxd1 Rxd1+ 36. Ke2 c4 37. f4 h5 38. f5+ Kf6 39. Ne4+ Ke5 40. Nf2 Rd7 41. Bd4+ Kf4 42. Be3+ 1/2-1/2

[Event "Landesliga Sued 9495"]
[Site "Bayern"]
[Date "1995.04.02"]
[Round "7.5"]
[White "Wilke, Martin"]
[Black "Pflug, Matthias"]
[Result "1-0"]
[WhiteElo "2105"]
[BlackElo "1810"]
[PlyCount "67"]
[EventDate "1994.10.09"]
[EventType "team-tourn"]
[EventRounds "9"]
[EventCountry "GER"]
[SourceTitle "EXT 1999"]
[Source "ChessBase"]
[SourceDate "1998.11.16"]
[SourceVersion "1"]
[SourceVersionDate "1998.11.16"]
[SourceQuality "1"]
[WhiteTeam "Krumbach"]
[BlackTeam "Dorfen PSV"]
[WhiteTeamCountry "GER"]
[BlackTeamCountry "GER"]

1. e4 c5 2. Nf3 d6 3. d4 cxd4 4. Nxd4 Nf6 5. Nc3 a6 6. Be2 e5 7. Nb3 Be7 8. Be3 Be6 9. Nd5 Nbd7 10. f3 Rc8 11. c4 0-0 12. 0-0 Nc5 13. Rc1 Nfd7 14. Nd2 Bxd5 15. exd5 Bg5 16. Bxg5 Qxg5 17. b4 Nd3 18. Bxd3 Qe3+ 19. Kh1 Qxd3 20. Ne4 Qe3 21. Nxd6 Rc7 22. Nf5 Qf4 23. Qd3 Nb6 24. g3 Qg5 25. d6 Rd7 26. Qe3 f6 27. Ne7+ Kh8 28. f4 exf4 29. gxf4 Qh4 30. c5 Nc8 31. Qe6 Rdd8 32. Rc3 f5 33. Nxf5 Qg4 34. Nd4 1-0

[Event "Landesliga Sued 9495"]
[Site "Bayern"]
[Date "1995.01.15"]
[Round "4.5"]
[White "Straub, Juergen"]
[Black "Wilke, Martin"]
[Result "1-0"]
[WhiteElo "2145"]
[BlackElo "2105"]
[PlyCount "49"]
[EventDate "1994.10.09"]
[EventType "team-tourn"]
[EventRounds "9"]
[EventCountry "GER"]
[SourceTitle "EXT 2020"]
[Source "ChessBase"]
[SourceDate "2019.10.17"]
[SourceVersion "1"]
[SourceVersionDate "2019.10.17"]
[SourceQuality "1"]
[WhiteTeam "Ingolstadt"]
[BlackTeam "Krumbach"]
[WhiteTeamCountry "GER"]
[BlackTeamCountry "GER"]

1. d4 Nf6 2. c4 g6 3. f3 Bg7 4. e4 d6 5. Nc3 0-0 6. Be3 Ne8 7. Qd2 f5 8. Nge2 fxe4 9. Nxe4 Nd7 10. Nf4 Nb6 11. Ng5 e5 12. Nfe6 Bxe6 13. Nxe6 Qe7 14. d5 Rf7 15. h4 Bf6 16. Ng5 Bxg5 17. Bxg5 Qd7 18. h5 gxh5 19. 0-0-0 a5 20. Bd3 Qa4 21. Rxh5 Nxc4 22. Qe2 Nb6 23. Rdh1 Nxd5 24. Bxh7+ Kf8 25. Bc2 1-0

[Event "Kassel op"]
[Site "Kassel"]
[Date "1994.??.??"]
[Round "2"]
[White "Krallmann, Matthias"]
[Black "Wilke, Martin"]
[Result "1-0"]
[WhiteElo "2280"]
[BlackElo "2205"]
[PlyCount "41"]
[EventDate "1994.??.??"]
[EventType "swiss"]
[EventRounds "7"]
[EventCountry "GER"]
[SourceTitle "GER"]
[Source "ChessBase"]
[SourceDate "1999.07.01"]
[SourceVersion "1"]
[SourceVersionDate "1999.07.01"]
[SourceQuality "1"]

1. d4 d5 2. c4 e6 3. Nc3 Nf6 4. cxd5 exd5 5. Bg5 Be7 6. e3 c6 7. Qc2 Nbd7 8. Bd3 0-0 9. Nge2 Re8 10. 0-0 Nf8 11. f3 Qc7 12. Bxf6 Bxf6 13. Nxd5 Qd6 14. Nxf6+ Qxf6 15. e4 Qg5 16. f4 Qh5 17. f5 g5 18. e5 g4 19. Ng3 Qg5 20. Rae1 Qd8 21. Rf4 1-0

[Event "Krumbach op"]
[Site "Krumbach"]
[Date "1991.??.??"]
[Round "1"]
[White "Wilke, Martin"]
[Black "Blees, Albert"]
[Result "0-1"]
[WhiteElo "2230"]
[BlackElo "2380"]
[PlyCount "98"]
[EventDate "1991.03.29"]
[EventType "swiss"]
[EventRounds "10"]
[EventCountry "GER"]
[SourceTitle "TD"]
[Source "ChessBase"]
[SourceDate "1994.03.01"]
[SourceVersion "1"]
[SourceVersionDate "1994.03.01"]
[SourceQuality "1"]

1. e4 e6 2. d4 d5 3. Nc3 Bb4 4. e5 c5 5. a3 Bxc3+ 6. bxc3 Ne7 7. Nf3 Nbc6 8. a4 Qa5 9. Qd2 Bd7 10. Bd3 cxd4 11. cxd4 Qxd2+ 12. Bxd2 f6 13. a5 fxe5 14. dxe5 h6 15. Rb1 0-0-0 16. 0-0 Be8 17. a6 b6 18. Bb4 Nxb4 19. Rxb4 Nc6 20. Rb3 Kb8 21. Ra1 Rf8 22. Bb5 Rxf3 23. gxf3 Nd4 24. Bf1 Nxb3 25. cxb3 Bh5 26. f4 Bg6 27. Bh3 d4 28. Bxe6 d3 29. Bg4 d2 30. Bd1 Rc8 31. Ra2 Rc1 32. Rxd2 Bh5 33. Kg2 Rxd1 34. Rb2 Rd3 35. f5 Rf3 36. Rd2 Rxf5 37. e6 Rg5+ 38. Kf1 Re5 39. Rd8+ Kc7 40. Rd7+ Kc6 41. f4 Rxe6 42. Rxa7 g6 43. Kf2 Kb5 44. Ra8 Re2+ 45. Kg3 Re3+ 46. Kh4 Rxb3 47. a7 Ra3 48. f5 Bf3 49. Rh8 gxf5 0-1

[Event "Krumbach op"]
[Site "Krumbach"]
[Date "1991.??.??"]
[Round "5"]
[White "Wilke, Martin"]
[Black "Maiwald, Jens Uwe"]
[Result "0-1"]
[WhiteElo "2230"]
[BlackElo "2210"]
[PlyCount "50"]
[EventDate "1991.03.29"]
[EventType "swiss"]
[EventRounds "10"]
[EventCountry "GER"]
[SourceTitle "TD"]
[Source "ChessBase"]
[SourceDate "1994.03.01"]
[SourceVersion "1"]
[SourceVersionDate "1994.03.01"]
[SourceQuality "1"]

1. e4 c5 2. Nf3 e6 3. d4 cxd4 4. Nxd4 Nf6 5. Bd3 d6 6. Be3 Be7 7. 0-0 0-0 8. f4 Nbd7 9. Nb3 b6 10. N1d2 Bb7 11. c3 e5 12. f5 d5 13. Qf3 Qc7 14. Rae1 Rfe8 15. g4 h6 16. Bf2 Rad8 17. h4 dxe4 18. Nxe4 Nxe4 19. Bxe4 Ba6 20. c4 Nf6 21. Bc6 e4 22. Bxe4 Bb4 23. Bg3 Qxc4 24. Bc6 Bxe1 25. Bxe8 Bxg3 0-1